000 00511cam7a220018100 4500
001 tmp15345985
003 UPRA
005 20190816085510.0
008 950801s1973 fr fre u
035 _a(Sirsi) r124171
035 _a(UPRA)tmp15345985
040 _cUPRA
100 1 _aMichaux, Henri, 1899-
_dMichaux, Henri, 1899-
_6A15446.1
245 1 0 _aMoments :
_btraversees du temps.
260 _a[Paris] :
_bGallimard,
_c1973.
949 _aPQ2625.I25
_wlcc
_i-178400
_mMAIN
_tBOOK
_lON-SHELF
004 124171
999 _c80497
_d80497